000 00505nam a2200181Ia 4500
008 151018s9999 xx 000 0 und d
082 _bRBASDV54872
_a891.463
100 _aप्रशांत पोळ
245 _aअग्नी
250 _b1
260 _bअजब प्रकाशन
_c2009
300 _a176
600 _aप्रशांत पोळ
630 _aअग्नी
700 _aप्रशांत पोळ
730 _aअग्नी
942 _cBOOK
999 _c1051843
_d1051840